Open Data Biblioteca Nacional de Portugal


República Portuguesa: Ministério da Cultura
Biblioteca Nacional de Portugal

Catálogo da BNP: acesso por Identificadores Unívocos
Registos Bibliográficos associados ao registo de autoridade

Etiqueta de registo: 00254nam 2200025 450
001 2288473
003 http://id.bnportugal.gov.pt/bib/catbnp/2288473
100 ## $a20260622d2026 k y0pory01030103ba
101 0# $apor$deng
102 ## $aPT
105 ## $aa m 001yy
106 ## $ar
200 1# $aDa lavoura à ciência$e uma cultura global $etradução especializda em ciências agrárias$e um guia de tradução a partir do estudo de corpus comparável do gênero textual artigo ciêntífico$fDaniele de Sousa Santos$gorient. Carnelia Plag, Vivina Carreira
210 #9 $aCoimbra$c[s.n.],$d2026
215 ## $a279 p.$cil.$d30 cm
328 #1 $aTese dout. Línguas Modernas : Culturas, Literaturas e Tradução (Estudos de Tradução), Faculdade de Letras da Universidade de Coimbra, 2026
700 #1 $aSantos,$bDaniele de Sousa$32001237
702 #1 $aPlag,$bCornelia$4727$3245004
702 #1 $aCarreira,$bVivina$4727$32001239
801 #0 $aPT$bBN$gRPC
966 ## $lBN$mFGMON$x1
971 ## $cisantos$d20260622

OpendataBNP@bnportugal.pt | Mais informação sobre acesso aos dados BNP